Burzovní lexikon S více než 2000 hesly

Salvato in:
Dettagli Bibliografici
Autore principale: Rieger, Ludwig
Altri autori: Pátek, Jan
Natura: Libro
Lingua:ceco
Pubblicazione: Praha Victoria Publ. 1992
Edizione:1. vyd.
Soggetti:
Tags: Aggiungi Tag
Nessun Tag, puoi essere il primo ad aggiungerne!!

MARC

LEADER 00000nam a2200000 4500
001 c000630
005 20250926084815.2
020 |a 80-85605-00-7 
041 0 |a cze 
044 |a CZ 
245 1 0 |a Burzovní lexikon  |b S více než 2000 hesly  |c Ludwig Rieger ; [Z nem. prel.] Jan Pátek 
250 |a 1. vyd. 
264 1 |a Praha  |b Victoria Publ.  |c 1992 
300 |a 238 s. 
610 2 0 |a burzy peňažné 
610 2 0 |a terminológia 
610 2 0 |a trh peňažný 
610 2 0 |a akcie 
610 2 0 |a obligácie 
610 2 0 |a papiere cenné 
100 1 |a Rieger, Ludwig 
700 1 |a Pátek, Jan